00940nam a2200241 i 450000100060000000300090000600500170001500700030003200800410003502000180007624500960009425000150019026000330020530000220023849000160026050001190027670000240039571100830041983000240050285200330052699900170055995201220057620760ES-MaACL20230906152346.0t|021118s1985 sp ||||1| spa d a84-205-1078-500aActividad humana y procesos cognitivos b: (homenaje a J.L. Pinillos) / cJuan Mayor (ed.). a[1ยช ed.]. aMadrid : bAlhambra, c1985. a470 p. ; c24 cm.1 aUniversidad aTexto de las conferencias del Simposium sobre Actividad Humana y Procesos Cognitivos, celebrado en Madrid en 1984.1 aMayor, Juan.9794062 aSimposium sobre Actividad Humana y Procesos Cognitivos (d1984.cMadrid)910940 aUniversidad9178301 aES-MaACLjL-10015 bR.111718 c20760d20760 00104070aATENEOMbATENEOMcDEPO2d2008-01-17eSCl0oL-10015p1021315r2023-02-23 00:00:00w2023-02-23yMONOGRAFIA